ARRUPE JESUIT UNIVERSITY

CORONAVIRUS -STOP THE SPREAD - CLEAN,DISINFECT,COVER

In spirit and truth : (Record no. 118107)

MARC details
000 -LEADER
fixed length control field 01213cam a2200289 a 4500
001 - CONTROL NUMBER
control field 555561
003 - CONTROL NUMBER IDENTIFIER
control field ARRUPE
005 - DATE AND TIME OF LATEST TRANSACTION
control field 20130926171731.0
008 - FIXED-LENGTH DATA ELEMENTS--GENERAL INFORMATION
fixed length control field 880801s1988 dcu b 000 0 eng
010 ## - LIBRARY OF CONGRESS CONTROL NUMBER
LC control number 88168518
020 ## - INTERNATIONAL STANDARD BOOK NUMBER
International Standard Book Number 1555861989 (pbk.)
040 ## - CATALOGING SOURCE
Original cataloging agency DLC
Transcribing agency DLC
Modifying agency DLC
043 ## - GEOGRAPHIC AREA CODE
Geographic area code n-us---
050 00 - LIBRARY OF CONGRESS CALL NUMBER
Classification number BX2230.2.15 1988
300 ## - PHYSICAL DESCRIPTION
Dimensions 23 cm.
245 00 - TITLE STATEMENT
Title In spirit and truth :
Remainder of title Black Catholic reflections on the Order of Mass /
Statement of responsibility, etc Secretariat, Bishops' Committee on the Liturgy, National Conference of Catholic Bishops.
260 ## - PUBLICATION, DISTRIBUTION, ETC. (IMPRINT)
Place of publication, distribution, etc Washington, D.C. :
Name of publisher, distributor, etc Office of Publishing and Promotion Services, U.S. Catholic Conference,
Date of publication, distribution, etc c1988.
300 ## - PHYSICAL DESCRIPTION
Extent 31 p. ;
490 0# - SERIES STATEMENT
Series statement Publication / Office of Publishing and Promotion Services, United States Catholic Conference ;
Volume number/sequential designation no. 198-9
504 ## - BIBLIOGRAPHY, ETC. NOTE
Bibliography, etc Bibliography: p. 29-31.
610 20 - SUBJECT ADDED ENTRY--CORPORATE NAME
Corporate name or jurisdiction name as entry element Catholic Church
General subdivision Liturgy.
9 (RLIN) 1519
650 #0 - SUBJECT ADDED ENTRY--TOPICAL TERM
Topical term or geographic name as entry element Mass.
9 (RLIN) 1520
650 #0 - SUBJECT ADDED ENTRY--TOPICAL TERM
Topical term or geographic name as entry element African American Catholics.
9 (RLIN) 1521
710 2# - ADDED ENTRY--CORPORATE NAME
Corporate name or jurisdiction name as entry element Catholic Church.
Subordinate unit National Conference of Catholic Bishops.
-- Bishops' Committee on the Liturgy.
-- Secretariat.
9 (RLIN) 1522
906 ## - LOCAL DATA ELEMENT F, LDF (RLIN)
a 7
b cbc
c orignew
d 2
e ncip
f 19
g y-gencatlg
942 ## - ADDED ENTRY ELEMENTS (KOHA)
Source of classification or shelving scheme Library of Congress Classification
Koha item type Monograph ( Printed materials)
Holdings
Withdrawn status Lost status Source of classification or shelving scheme Damaged status Not for loan Home library Current library Shelving location Date acquired Total Checkouts Full call number Barcode Date last seen Price effective from Koha item type
    Library of Congress Classification     ARRUPE LIBRARY ARRUPE LIBRARY Main Collection 26/09/2013   BX2230.2.15 1988 46410107 22/11/2017 26/09/2013 Monograph ( Printed materials)

 

Arrupe Library. PO Box MP320 Mt Pleasant, Harare, Zimbabwe
263 242 745411|librarian@aju.ac.zw